Mission, religion, and caste : (Record no. 57528)

MARC details
000 -LEADER
fixed length control field 01070nam a22002897a 4500
005 - DATE AND TIME OF LATEST TRANSACTION
control field 20111011141444.0
008 - FIXED-LENGTH DATA ELEMENTS--GENERAL INFORMATION
fixed length control field 111011t xxu||||| |||| 00| 0 eng d
010 ## - LCCN (DPL NO)
LC control number ENG-103941
020 ## - INTERNATIONAL STANDARD BOOK NUMBER
International Standard Book Number 9788179860779
Terms of availability 390.00
035 ## - SYSTEM CONTROL NUMBER
System control number EN-87474
037 ## - SOURCE OF ACQUISITION
Source of stock number/acquisition DBAD/PUB
040 ## - CATALOGING SOURCE
Original cataloging agency DPL
Language of cataloging Eng
082 ## - DEWEY DECIMAL CLASSIFICATION NUMBER
Classification number 266.00882945
100 ## - MAIN ENTRY--PERSONAL NAME
Personal name Joshi, Shashi
9 (RLIN) 35436
245 00 - TITLE STATEMENT
Title Mission, religion, and caste :
Statement of responsibility, etc by Shashi Joshi
Remainder of title themes in the history of Christianity in India /
260 ## - PUBLICATION, DISTRIBUTION, ETC. (IMPRINT)
Place of publication, distribution, etc Shimla
Name of publisher, distributor, etc Indian Institute of Advanced Study
Date of publication, distribution, etc 2010
270 ## - ADDRESS
Address Rashtrapati Nivas
City Shimla
Postal code 171005
300 ## - PHYSICAL DESCRIPTION
Extent 188p.
Dimensions 23cm (Hb)
500 ## - GENERAL NOTE
General note Includes bibliographical references and index
610 ## - SUBJECT ADDED ENTRY--CORPORATE NAME
9 (RLIN) 35431
650 ## - SUBJECT ADDED ENTRY--TOPICAL TERM
9 (RLIN) 35432
651 ## - SUBJECT ADDED ENTRY--GEOGRAPHIC NAME
9 (RLIN) 35433
700 1# - ADDED ENTRY--PERSONAL NAME
9 (RLIN) 35434
942 ## - ADDED ENTRY ELEMENTS (KOHA)
Source of classification or shelving scheme Dewey Decimal Classification
Item type English Books
Classification part 266.00882945
Call number suffix JOS
Holdings
Withdrawn status Lost status Source of classification or shelving scheme Damaged status Not for loan Collection code Home library Current library Date acquired Source of acquisition Cost, normal purchase price Total Checkouts Full call number Barcode Date last seen Copy number Cost, replacement price Koha item type
    Dewey Decimal Classification   Not For Loan Non-fiction D.B.Act.Division D.B.Act.Division 11/10/2011 DBAD/PUB 390.00   266.00882945 JOS EN-87474 11/10/2011 1 390.00 English Books

© Delhi Public Library
Hit Counter
free hit counter